Online Catalogue and eLibrary

Deforestation, Women and Forestry: (Record no. 1477)

MARC details
000 -LEADER
fixed length control field 00511nam a2200193Ia 4500
005 - DATE AND TIME OF LATEST TRANSACTION
control field 20250127002749.0
008 - FIXED-LENGTH DATA ELEMENTS--GENERAL INFORMATION
fixed length control field 240331s9999 xx 000 0 und d
020 ## - INTERNATIONAL STANDARD BOOK NUMBER
ISBN 9062249868
082 ## - DDC Classification
Item Number - Author Mark WIC
DDC Edition Number 3498
Class No. 304.2
100 ## - MAIN ENTRY--PERSONAL NAME
Personal name Wickramasinghe, A
245 #0 - TITLE STATEMENT
Title Deforestation, Women and Forestry:
Remainder of title The Case of Sri Lanka
260 ## - PUBLICATION, DISTRIBUTION, ETC.
Place of publication, distribution, etc. Utrecht
Name of publisher, distributor, etc. International Books
Date of publication, distribution, etc. 1994
300 ## - PHYSICAL DESCRIPTION
Extent (e.g. Volumes, Pages etc.) 112 p.,
650 ## - SUBJECT ADDED ENTRY--TOPICAL TERM
Topical term or geographic name entry element Women
650 ## - SUBJECT ADDED ENTRY--TOPICAL TERM
Topical term or geographic name entry element Environment
650 ## - SUBJECT ADDED ENTRY--TOPICAL TERM
Topical term or geographic name entry element Forestry
650 ## - SUBJECT ADDED ENTRY--TOPICAL TERM
Topical term or geographic name entry element Sustainable Development
942 ## - Koha item type (Biblio)
Koha item type Books in Stacks (Lending)
Holdings
Lost status Damaged status Collection code Home library Current library Shelving location Date acquired Full call number Accession Number Item type
    Lending WERC Library WERC Library Social Science Cupboard 03/31/2024 304.2 Wic 3498 Books in Stacks (Lending)

© WERC Library